Harvard business review on entrepreneurship (Record no. 4683)

000 -LEADER
fixed length control field 00582 a2200181 4500
020 ## - INTERNATIONAL STANDARD BOOK NUMBER
International Standard Book Number 0875849105 (alk. paper)
040 ## - CATALOGING SOURCE
Original cataloging agency DLC
Language of cataloging DLC
082 00 - DEWEY DECIMAL CLASSIFICATION NUMBER
Classification number 658.4/21
245 00 - TITLE STATEMENT
Title Harvard business review on entrepreneurship
Statement of responsibility, etc. Harvard Business Press
246 30 - VARYING FORM OF TITLE
Title proper/short title On entrepreneurship
260 ## - PUBLICATION, DISTRIBUTION, ETC.
Place of publication, distribution, etc. Boston, Mass. :
Name of publisher, distributor, etc. Harvard Business School Press,
Date of publication, distribution, etc. 1999.
300 ## - PHYSICAL DESCRIPTION
Extent v, 217 p. ;
Dimensions 21 cm.
440 #0 - SERIES STATEMENT/ADDED ENTRY--TITLE
Title Harvard business review paperback series
500 ## - GENERAL NOTE
General note Includes index.
650 #0 - SUBJECT ADDED ENTRY--TOPICAL TERM
Topical term or geographic name entry element New business enterprises
General subdivision Management.
650 #0 - SUBJECT ADDED ENTRY--TOPICAL TERM
Topical term or geographic name entry element Entrepreneurship.
942 ## - ADDED ENTRY ELEMENTS (KOHA)
Koha item type Book
Call number prefix 658.421 HAR
Source of classification or shelving scheme
Holdings
Withdrawn status Lost status Damaged status Not for loan Collection code Permanent Location Current Location Shelving location Date acquired Source of acquisition Cost, normal purchase price Total Checkouts Full call number Barcode Date last seen Price effective from Koha item type Date last checked out
          Central Library (CL) Central Library (CL) General Stacks 11/05/2007 Progressive International Agencies 1298.68   658.421 HAR SEECS008693 11/14/2012 01/05/2017 Book  
          Central Library (CL) Central Library (CL) General Stacks 11/05/2007 Progressive International Agencies 1298.68 1 658.421 HAR SEECS008694 03/06/2026 01/05/2017 Book 12/16/2025
          Central Library (CL) Central Library (CL) General Stacks 11/05/2007 Progressive International Agencies 1298.68   658.421 HAR SEECS008692 11/14/2012 01/05/2017 Book  
© 2023 Central Library, National University of Sciences and Technology. All Rights Reserved.